00530nam a22001697a 4500003000500000005001700005008004100022040001400063082001100077100002200088245004100110260005300151300002400204500008400228521002400312650002400336322820241121095937.0241121b sa ||||e |||| 00| 0 eng d aRDAc3228 aEF BUN a Bunn, Davis T  0aPromises to Keep /c Bunn, Davis T  aMinneapolis :bBethany House Publishers ,cc1991 a398 Pages , c21 cm aTwo Families, two missing girls and two men who risk everything to find them... aSuitable for Adults 02LOC aAdult Fiction